|
|
|
|
| LEADER |
00621nam a22001691a 4500 |
| 020 |
|
|
|a 9788188661268
|c 0.00
|
| 040 |
|
|
|a SSUS - Library - Kalady
|
| 082 |
|
|
|a 781.69 095
|b SRI/C
|
| 100 |
|
|
|a Sriram V
|
| 245 |
|
|
|a Carnatic Summer : lives of twenty great exponents
|h [Text]
|
| 260 |
|
|
|a Chennai
|b East West Books
|c 2005
|
| 300 |
|
|
|a 311p.
|
| 600 |
|
|
|a Biography Carnatic Musicians
|
| 852 |
|
|
|h 781.69 095
|i SRI/C
|p 055798
|9 295.00
|t 0
|
| 942 |
|
|
|c BK
|
| 999 |
|
|
|c 6703
|d 6703
|
| 952 |
|
|
|0 0
|1 0
|4 0
|6 781_690000000000000_095_SRI_C
|7 0
|9 10159
|a SSUS
|b SSUS
|d 2015-01-08
|g 295.00
|l 2
|o 781.69 095 SRI/C
|p 055798
|r 2020-09-03
|s 2020-08-05
|v 0.00
|w 2015-01-08
|y BK
|